Quiz sur la Somalie - Statistiques

Statistiques générales
  • Ce quiz a été pris 5 594 fois
  • Le résultat moyen est 12 sur 20
Statistiques - réponses
Question Réponse % Correct
Pays frontaliers Éthiopie
93%
Religion pratiquée par 99,7% de la population somalienne Islam
90%
Pays européen qui a colonisé le 1/4 nord de la Somalie Royaume-Uni
90%
Péninsule sur laquelle la Somalie se situe {Corne} de l'Afrique
89%
Pays frontaliers Djibouti
89%
Pays frontaliers Kenya
88%
Pays européen qui a colonisé les 3/4 sud de la Somalie Italie
84%
Pays qui se trouve de l'autre côté de ce golfe Yémen
84%
Langues officielles Arabe
75%
Capitale Mogadiscio
74%
Pays autroproclamé qui revendique et contrôle aujourd'hui ce quart du pays Somali{land}
73%
Langues officielles Somali
66%
Crime naval qui a fait la triste renommée de la Somalie au XXIème siècle Piraterie
60%
Animal du désert dont la Somalie possède la plus grande population au monde, devant le Soudan Dromadaire
56%
Golfe océanique qui sépare la Somalie de l'Asie Golfe d'{Aden}
44%
Deuxième ville la plus peuplée de Somalie et capitale de cet état séparatiste H{argeisa}
15%
Opération de l'ONU menée par les États-Unis en Somalie en 1992 qui s'est très rapidement soldée par un échec cuisant Restore {Hope}
14%
Devise monétaire officielle, qui n'a plus aucune valeur depuis 1991 Shilling
13%
Célèbre mannequin somalienne qui s'est mariée avec David Bowie en 1992 Iman
12%
Partenaire commercial majeur de l'Égypte Antique qui se trouvait probablement au nord de la Somalie Pays de {Pount}
10%
Aucun quiz correspondant
Distribution des résultats
% des personnes avec chaque résultat
Percentile par nombre de réponses
Votre historique - résultats
Vous n’avez pas pris ce quiz